000 00557nam a2200217 a 4500
001 BRCA_6500
005 20190320205501.0
008 260911s1906----enk#######---#000-0#eng-#
041 _aeng
044 _aenk
050 4 _aPZ·
_b.D534Do 1906
100 1 _aDickens, Charles
_d1812-1870
_916249
245 1 0 _aDombey and son
_cCharles Dickens.
260 _aLondres
_bThomas Nelson
_c1906
300 _a933 p.
_c16 cm.
500 _aEdición con cantos dorados
500 _aL30
650 1 4 _aLiteratura inglesa
_916250
902 _aGFM
942 _2lcc
_cB
999 _c6184
_d6184